Malayalam Bhasavayakaranam (Record no. 22368)
[ view plain ]
| 000 -LEADER | |
|---|---|
| fixed length control field | 00374nam a2200133Ia 4500 |
| 008 - FIXED-LENGTH DATA ELEMENTS--GENERAL INFORMATION | |
| fixed length control field | 211109s9999||||xx |||||||||||||| ||und|| |
| 082 ## - DEWEY DECIMAL CLASSIFICATION NUMBER | |
| Classification number | 494.812 |
| Item number | GUN-M |
| 100 ## - MAIN ENTRY--PERSONAL NAME | |
| Personal name | Gundert, Hermann |
| 245 #0 - TITLE STATEMENT | |
| Title | Malayalam Bhasavayakaranam |
| 260 ## - PUBLICATION, DISTRIBUTION, ETC. | |
| Name of publisher, distributor, etc. | DC Books |
| Place of publication, distribution, etc. | Kottayam |
| Date of publication, distribution, etc. | 1991 |
| 630 ## - SUBJECT ADDED ENTRY--UNIFORM TITLE | |
| General subdivision | General Stack |
| 650 ## - SUBJECT ADDED ENTRY--TOPICAL TERM | |
| Topical term or geographic name entry element | Altaic, Uralic, Hyperborean & Dravidian |
| 942 ## - ADDED ENTRY ELEMENTS (KOHA) | |
| Koha item type | BOOK |
| 650 ## - SUBJECT ADDED ENTRY--TOPICAL TERM | |
| General subdivision | Malayalam |
| Withdrawn status | Lost status | Damaged status | Not for loan | Home library | Current library | Date acquired | Cost, normal purchase price | Total Checkouts | Full call number | Barcode | Shelving location | Date last seen | Price effective from | Koha item type |
|---|---|---|---|---|---|---|---|---|---|---|---|---|---|---|
| SB LIBRARY | SB LIBRARY | 09/11/2021 | 80.00 | 494.812 GUN-M | 00023108 | GENERAL STACK | 09/11/2021 | 09/11/2021 | BOOK |